| 000 | 01054nam0a22002891 4500 | ||
|---|---|---|---|
| 001 | rc\4451526 | ||
| 005 | 20130416161909.6 | ||
| 021 |
_aRU _b69-3011 |
||
| 021 |
_aRU _bРг4218-69 |
||
| 035 | _a(NLR Aleph) 008319992 | ||
| 090 |
_a8751184 _c8751184 |
||
| 100 | _a20130416d1968 |||y0rusy50 ca | ||
| 101 | 0 | _arus | |
| 102 | _aRU | ||
| 105 | _ay z ||||| | ||
| 200 | 1 |
_aИсследования в области механики жидкостей и газов _e[Обзор] _fМ.Н. Коган, д-р физ.-мат. наук, Г.И. Майкапар, д-р техн. наук, А.А. Никольский, д-р физ.-мат. наук [и др.] |
|
| 210 |
_aМосква _cЦАГИ _d1968 |
||
| 215 |
_a60 с. _d26 |
||
| 225 | 1 | _aМатериалы к истории ЦАГИ | |
| 701 | 1 |
_aМайкапар _bГ. И. |
|
| 701 | 1 |
_aКоган _bМ. Н. _gМихаил Наумович |
|
| 701 | 1 |
_aНикольский _bА. А. |
|
| 801 | 0 |
_aRU _bNLR _gpsbo |
|
| 801 | 1 |
_aRU _bELAR _2rusmarc |
|
| 852 |
_aNLR _j69-7/679 |
||
| 942 | _cBOOK | ||
| 980 | _aNB | ||